| 000 | 00940nam a22002297a 4500 | ||
|---|---|---|---|
| 001 | 113775 | ||
| 003 | DR-UNIBE | ||
| 005 | 20250703100145.0 | ||
| 008 | 250625b2013 dr ||||| |||| 00| 0 spa d | ||
| 040 |
_aBIBLIOTECA UNIBE _bspa _cBIBLIOTECA UNIBE _erda |
||
| 041 | _aspa | ||
| 082 | _aF-RD 5986 | ||
| 100 |
_aGómez, Erik _eautor _9196935 |
||
| 245 | 1 | 0 |
_aNormas del sistema educativo dominicano para la convivencia armoniosa en los centros educativos públicos y privados : _ben cumplimiento de los artículos 48-49, Ley 136-03. Aprobadas por el Consejo Nacional de Educación / _cErik Gómez, Sonia Castillo |
| 250 | _aSegunda edición | ||
| 260 |
_aSanto Domingo : _bMinisterios de Educación (MINERD) : _c2013 |
||
| 300 | _a41 páginas | ||
| 650 | 7 |
_aEscuelas _xNormas _zRepública Dominicana _9196936 |
|
| 650 | 7 |
_aEducación _xNormas _zRepública Dominicana _9196937 |
|
| 700 |
_aCastillo, Sonia _eautor _9196938 |
||
| 942 |
_2ddc _cMX |
||
| 999 |
_c113775 _d113775 |
||